| 000 | 00804nam a2200229 i 4500 | ||
|---|---|---|---|
| 001 | 16433 | ||
| 003 | ES-MaACL | ||
| 005 | 20230906151323.0 | ||
| 007 | t| | ||
| 008 | 000920s1991 sp a ||||1| spa d | ||
| 080 | _a7.036(460)(064.3) | ||
| 111 | 2 |
_aCertámenes Nacionales Plásticos y Literarios "Ciudad de Alcorcón" ( _n10º) _964 |
|
| 245 | 1 | 0 | _aCertámenes Nacionales Plásticos y Literarios "Ciudad de Alcorcón". |
| 260 |
_aAlcorcón : _bAyuntamiento, Delegación de Cultura, _c[1991] |
||
| 300 |
_a[96] p. : _bil. col. y n. ; _c26 cm. |
||
| 650 | 1 | 4 |
_aArte español- _yS.XX- _vExposiciones. _910206 |
| 655 | 7 |
_2tgfbne _9193628 _aCatálogos de exposiciones |
|
| 710 | 1 |
_aAlcorcón. _bAyuntamiento. _9170027 |
|
| 852 |
_aES-MaACL _jG-2181 |
||
| 942 | _2udc | ||
| 999 |
_c16433 _d16433 |
||